• 首页
  • 本馆介绍
  • 公告通知
  • 最新文献
  • 馆藏检索
  • 电子资源
  • 读者导购
  • 参考咨询
  • 我的图书馆
  • 登录
  • 详细信息显示
  • 放入我的书架
  • 预约/预借图书
  • 作者相关作品
  • 分类相关作品
  • 丛书相关作品
  • 出版社相关作品

书目信息

  • 表格格式
  • 工作单格式
  • 卡片格式
题名:
审美超越与艺术精神
    
 
作者: 王元骧 著
分册:  
出版信息: 杭州   浙江大学出版社  2006
页数: 345页
开本: 23cm
丛书名:
单 册:
中图分类: I01-53
科图分类:
主题词: 文艺美学--文集 , 文艺美学
电子资源:
ISBN: 7-308-04957-4
000 01030nam0 2200241 450
001 1231671609
005 20121017084829.35
010    @a7-308-04957-4@dCNY38.00
100    @a20060210d2006 em y0chiy50 ea
101 0  @achi@eeng
102    @aCN@b330000
105    @aa z 000yy
200 1  @a审美超越与艺术精神@Ashen mei chao yue yu yi shu jing shen@dThe transcendence of artistic beauty and the spirit of art@f王元骧著@zeng
210    @a杭州@c浙江大学出版社@d2006
215    @a345页@c照片@d23cm
330    @a本书收录了作者自2003年以来这三年间所写的论文,论述的基本主题是文艺本体论和形而上学性的问题。收录文章有《评我国新时期的“文艺本体论”研究》、《对于文艺研究中“主客二分”思维模式的批判性考察》、《关于艺术形而上学性的思考》、《审美与“人的活动”》等。
510 1  @aTranscendence of artistic beauty and the spirit of art@zeng
606 0  @a文艺美学@j文集
606 0  @a文艺美学
690    @aI01-53@v4
701  0 @a王元骧@Awang yuan xiang@f(1934.10~)@4著
801  0 @aCN@bNLC@c20101222
905    @a10447@dI01-53@eJY113
    
    审美超越与艺术精神=The transcendence of artistic beauty and the spirit of art/王元骧著.-杭州:浙江大学出版社,2006
    345页:照片;23cm
    
    
    ISBN 7-308-04957-4:CNY38.00
    本书收录了作者自2003年以来这三年间所写的论文,论述的基本主题是文艺本体论和形而上学性的问题。收录文章有《评我国新时期的“文艺本体论”研究》、《对于文艺研究中“主客二分”思维模式的批判性考察》、《关于艺术形而上学性的思考》、《审美与“人的活动”》等。
●
相关链接 在E读中查询图书 在五车中查询图书 在当当中查询图书 在豆瓣中查询图书


正题名:审美超越与艺术精神     索取号:I01-53/JY113         预约/预借

序号 登录号 条形码 馆藏地/架位号 状态 备注
1 7803121   278031210   学院路分馆/ [索取号:I01-53/JY113] 在馆    
2 7803128   278031283   学院路分馆/ [索取号:I01-53/JY113] 在馆    
唐山师范学院图书馆 欢迎您!
大连网信软件有限公司© 版权所有